000 00730nam a22002177a 4500
005 20140811104840.0
010 _aENG-110369
020 _a9789350621820
_c795.00
035 _aEN-93901
037 _bDBAD/PUB
082 _a658.401
245 _aOperational excellence :
_cedited by Ravi Kumar Jain, Bhimaraya A. Metri [and] Jatinder N. D. Gupta
_ba key for perfomance excellence /
260 _aNew Delhi
_bExcel Books
_c2013
270 _aA-45, Naraina, Phase I
_bNew Delhi
_e110028
300 _axix,524p.
_c24cm(pbk)
500 _aIncludes bibliographical references
700 _aJain, Ravi Kumar
700 _aMetri, Bhimaraya A
700 _aGupta, Jatinder N. D.
942 _2ddc
_cEN
_mOPE
_h658.401
999 _c86392
_d86392